Placez les capitales d'Afrique sur une carte - Statistiques

Statistiques générales
  • Ce quiz a été pris 1 123 fois
    617 depuis la dernière actualisation
  • Le résultat moyen est 19 sur 56
Réponses sur la Carte
Les réponses sont colorées sur une échelle allant du rouge au vert en fonction du pourcentage des utilisateurs qui les ont devinées à leur premier essai. Vous pouvez retrouver ces pourcentages ci-dessous.
 
Statistiques - réponses
Réponse % Correct
Sao Tomé
53%
Djibouti
51%
Le Caire
50%
Tunis
48%
Bissau
46%
Dakar
46%
Rabat
44%
Alger
43%
Ouagadougou
43%
Addis-Abeba
41%
Antananarivo
41%
Conakry
41%
Kinshasa
41%
Le Cap
41%
Nairobi
41%
Kigali
40%
Yaoundé
40%
Yamoussoukro
39%
Accra
38%
Libreville
37%
Praia
37%
Brazzaville
36%
Freetown
36%
Port-Louis
35%
Victoria
35%
Asmara
34%
Lomé
34%
Monrovia
34%
Pretoria
34%
Bamako
33%
Lilongwe
33%
Nouakchott
33%
Porto-Novo | Cotonou
33%
Abuja
32%
Kampala
32%
Moroni
32%
Windhoek
32%
Banjul
31%
Dodoma
31%
Khartoum
30%
Mbabane
29%
Ciudad de la Paz
28%
Gitega
28%
Harare
28%
Bangui
26%
Maseru
26%
Ndjamena
26%
Bloemfontein
25%
Lusaka
25%
Gaborone
24%
Luanda
24%
Niamey
24%
Tripoli
24%
Djouba
23%
Maputo
20%
Mogadiscio
20%
Aucun quiz correspondant
Distribution des résultats
% des personnes avec chaque résultat
Percentile par nombre de réponses
Votre historique - résultats
Vous n’avez pas pris ce quiz depuis la dernière actualisation